Genetic structure of European beech (Fagus sylvatica L.) populations in Czecho-Slovakia

Bibliographic Details
Main Authors: Gömöry, Dušan (Author), Vyšný, Jozef (Author), Paule, Ladislav, 1947- (Author), Comps, Bernard (Author)
Format: Article
Language:English
PhysicalDescription:Tab.
ISBN:8022801895
Subjects:

MARC

LEADER 00000nab a2200000 a 4500
001 vtls000475777
003 SK-MaSNL
005 20260319074120.0
008 220423c1992 xo 0 eng
015 |a SNBRA19rr/mm-uuuuu 
035 |a CL0475911 
040 |a SNKBUCL  |b slo  |c SNKBUCL  |e AACR2 
041 0 |a eng  |b slo 
044 |a xo  |c SK 
080 |a 630 17:582.632.2:575  |2 1981 
080 |a 582.632.2  |2 1981 
080 |a 575  |2 1981 
245 0 0 |a Genetic structure of European beech (Fagus sylvatica L.) populations in Czecho-Slovakia  |c Dušan Gömöry ... [et al.] 
300 |b Tab. 
504 |a Bibliogr. 
546 |a Res. slov. 
650 0 7 |a buk lesný  |2 snkbucl  |9 19857 
650 0 7 |a genetika  |2 snkbucl  |9 698 
655 7 |a štúdie  |2 snkbucl  |9 57033 
700 1 |a Gömöry, Dušan  |4 aut  |9 9060 
700 1 |a Vyšný, Jozef  |4 aut  |9 786467 
700 1 |a Paule, Ladislav,  |d 1947-  |4 aut  |9 243789 
700 1 |a Comps, Bernard  |4 aut  |9 786465 
773 0 |t Les, drevo, ekológia  |d Zvolen : Technická univerzita, 1992  |g S. 27-33  |z 8022801895 
850 |a Slovenská národná knižnica v Martine  |a MTA001 
852 |a SNK  |b KIS3GCP 
958 |a NB 
992 |a RZB 
999 |c 1576800  |d 1578730